[Event "Las Palmas Insular-chT Pref"]
[Site "Las Palmas"]
[Date "2015.01.17"]
[Round "4.1"]
[White "Brito Garcia, Alfredo"]
[Black "Meyer, Lars A"]
[Result "1-0"]
[WhiteElo "2338"]
[BlackElo "2279"]
[PlyCount "75"]
[EventDate "2014.11.22"]
[EventType "team-tourn"]
[EventRounds "14"]
[EventCountry "ESP"]
[SourceTitle "EXT 2016"]
[Source "ChessBase"]
[SourceDate "2015.10.08"]
[SourceVersion "1"]
[SourceVersionDate "2015.10.08"]
[SourceQuality "1"]
[WhiteTeam "Guia Univac"]
[BlackTeam "Maspalomas"]
[WhiteTeamCountry "ESP"]
[BlackTeamCountry "ESP"]

1. d4 Nf6 2. Nf3 e6 3. g3 b6 4. Bg2 Bb7 5. 0-0 c5 6. c4 cxd4 7. Qxd4 Nc6 8. Qf4 d5 9. Nc3 Bd6 10. Qh4 Be7 11. Bg5 dxc4 12. Rfd1 Qc8 13. Qxc4 0-0 14. Nb5 Rd8 15. Bxf6 Bxf6 16. Nd6 Qd7 17. Rd2 Na5 18. Qf4 Bd5 19. Ne4 Qe7 20. Nxf6+ Qxf6 21. Qxf6 gxf6 22. b3 Kf8 23. Rad1 Nc6 24. Nd4 Bxg2 25. Kxg2 Nxd4 26. Rxd4 Ke7 27. Rxd8 Rxd8 28. Rxd8 Kxd8 29. Kh3 Ke7 30. Kh4 Kf8 31. Kh5 Kg7 32. g4 h6 33. e4 Kh7 34. f4 a5 35. a4 Kg7 36. e5 f5 37. g5 hxg5 38. Kxg5 1-0

[Event "Las Palmas Insular-chT Pref"]
[Site "Las Palmas"]
[Date "2014.12.13"]
[Round "2.1"]
[White "Camino Carrio, Nicanor"]
[Black "Meyer, Lars A"]
[Result "0-1"]
[WhiteElo "2048"]
[BlackElo "2279"]
[PlyCount "98"]
[EventDate "2014.11.22"]
[EventType "team-tourn"]
[EventRounds "14"]
[EventCountry "ESP"]
[SourceTitle "EXT 2016"]
[Source "ChessBase"]
[SourceDate "2015.10.08"]
[SourceVersion "1"]
[SourceVersionDate "2015.10.08"]
[SourceQuality "1"]
[WhiteTeam "San Andres Oleaje"]
[BlackTeam "Maspalomas"]
[WhiteTeamCountry "ESP"]
[BlackTeamCountry "ESP"]

1. e4 e6 2. d4 d5 3. e5 c5 4. c3 Qb6 5. Nf3 Bd7 6. a3 Nh6 7. Bd3 Nc6 8. dxc5 Bxc5 9. 0-0 a5 10. h3 a4 11. Bc2 Qa7 12. Nbd2 Nf5 13. b3 Ng3 14. Re1 Bxf2+ 15. Kh2 g6 16. bxa4 Nf5 17. Nb3 Bg3+ 18. Kh1 Bxe1 19. Qxe1 Na5 20. Nbd4 Nc4 21. Bxf5 gxf5 22. Qh4 Qc5 23. Qf6 Rg8 24. Rb1 Qe7 25. Qxe7+ Kxe7 26. Rxb7 Na5 27. Rb4 Rgc8 28. Bg5+ Kf8 29. Bh6+ Kg8 30. Ne2 Rc4 31. Rb6 Bxa4 32. Nf4 Rxc3 33. Nh5 Rb3 34. Nf6+ Kh8 35. Ng5 Be8 36. Rd6 Rb7 37. Nxe8 Rxe8 38. Ra6 Nc4 39. Nf3 Kg8 40. a4 Rbb8 41. Ra7 Ra8 42. Rc7 Rec8 43. Rb7 Rxa4 44. Bg5 Rca8 45. Bf6 R4a7 46. Rb3 h6 47. Nd4 Kh7 48. Nc6 Rc7 49. Nd8 Nxe5 0-1

[Event "Las Palmas Ciudad 1st"]
[Site "Las Palmas"]
[Date "2014.07.06"]
[Round "2"]
[White "Gonzalez Intelangelo, Gerardo"]
[Black "Meyer, Lars A"]
[Result "1/2-1/2"]
[WhiteElo "2020"]
[BlackElo "2279"]
[PlyCount "33"]
[EventDate "2014.07.05"]
[EventType "swiss"]
[EventRounds "7"]
[EventCountry "ESP"]
[SourceTitle "EXT 2016"]
[Source "ChessBase"]
[SourceDate "2015.10.08"]
[SourceVersion "1"]
[SourceVersionDate "2015.10.08"]
[SourceQuality "1"]

1. Nf3 Nf6 2. b3 c5 3. Bb2 Nc6 4. e3 d5 5. d4 Bg4 6. Be2 e6 7. 0-0 Rc8 8. a3 Qc7 9. Nbd2 Bd6 10. h3 Bh5 11. c4 cxd4 12. Nxd4 Bxe2 13. Qxe2 Nxd4 14. exd4 0-0 15. Rac1 dxc4 16. bxc4 Qe7 17. Qf3 1/2-1/2

[Event "Las Palmas Insular-chT Pref qual"]
[Site "Las Palmas"]
[Date "2014.05.03"]
[Round "1.1"]
[White "Camino Carrio, Nicanor"]
[Black "Meyer, Lars A"]
[Result "0-1"]
[WhiteElo "2045"]
[BlackElo "2270"]
[PlyCount "84"]
[EventDate "2014.05.03"]
[EventType "team-tourn"]
[EventRounds "3"]
[EventCountry "ESP"]
[SourceTitle "EXT 2015"]
[Source "ChessBase"]
[SourceDate "2014.11.20"]
[SourceVersion "1"]
[SourceVersionDate "2014.11.20"]
[SourceQuality "1"]
[WhiteTeam "Piscolabis Oleaje San Andres"]
[BlackTeam "Maspalomas"]
[WhiteTeamCountry "ESP"]
[BlackTeamCountry "ESP"]

1. e4 e6 2. d4 d5 3. Nc3 Nf6 4. Bg5 dxe4 5. Nxe4 Be7 6. Bxf6 gxf6 7. Nf3 f5 8. Ng3 c5 9. Bb5+ Bd7 10. Bxd7+ Qxd7 11. Qe2 cxd4 12. 0-0-0 Nc6 13. c3 Qd5 14. Nxd4 Qxa2 15. Nxc6 Qa1+ 16. Kc2 Qa4+ 17. Kb1 Qxc6 18. Qe5 Rg8 19. Nxf5 Qc5 20. Ng7+ Kf8 21. Nxe6+ fxe6 22. Qxe6 Rg6 23. Qe4 Qc6 24. Rd5 Rd8 25. Rhd1 Rxd5 26. Rxd5 Re6 27. Qf4+ Kg7 28. Qd4+ Kf7 29. g4 Bf6 30. Qd1 Re1 31. Qxe1 Qxd5 32. f4 Qd3+ 33. Ka1 Qa6+ 34. Kb1 Qd3+ 35. Ka1 Be7 36. Qe5 Qd1+ 37. Ka2 Qxg4 38. Qd5+ Qe6 39. Qxe6+ Kxe6 40. h3 Bd6 41. Kb3 Bxf4 42. Kc4 Kd6 0-1